000
00275nam a2200097Ia 4500
001
1226694
005
20250827093009.0
008
250824s9999 xx 000 0 und d
245
0
_a
BENİ KİMSE ANLAMIYOR
_c
AYSEL KORKUT
260
_b
ALTIN KİTAPLAR YAYINLARI
999
_c
1226694
_d
1226694